| 000 | 00516nam a2200157 a 4500 | ||
|---|---|---|---|
| 005 | 20140412111311.0 | ||
| 008 | 010327s19uu xx 00 eng d | ||
| 020 | _a971-8984-01-1 | ||
| 050 |
_aM 158.1 _bT36 1998 |
||
| 100 | _aTan, Earnest L. | ||
| 245 |
_aLiving life fully : _brequisites for personal growth and change / _cEarnest L. Tan; foreword by Fr. Ruben J. Villote. |
||
| 260 |
_aQuezon City : _bSpiritus Works Publications, _c1990. |
||
| 300 | _aix p. ; 81 p. | ||
| 650 | _aInspirational | ||
| 999 |
_c103985 _d103985 |
||